| 000 | 00471nam a2200157 a 4500 | ||
|---|---|---|---|
| 005 | 20140412111317.0 | ||
| 008 | 010404s19uu xx 00 eng d | ||
| 050 |
_aER _bTr67 1967 |
||
| 100 | _aPerkins, Al | ||
| 245 |
_aHugh Lofting's Travels of Doctor Dolittle / _cby Al Perkins ; illustrated by Philip Wende. |
||
| 260 |
_aNew York : _bBeginner Books, _c1967. |
||
| 300 | _a63 p. ; ill. | ||
| 650 | _aDoctors--Fiction | ||
| 650 | _aAnimals--Fiction | ||
| 999 |
_c104248 _d104248 |
||